Colours Of The Rubix Cube - Statistics

General Stats
  • This quiz has been taken 61 times
  • The average score is 6 of 6
Answer Stats
Answer % Correct
red
100%
green
98%
blue
96%
white
96%
orange
92%
yellow
92%
No matching quizzes found
Score Distribution
Percent of People with Each Score
Percentile by Number Answered
Your Score History
You have not taken this quiz